| 000 | 00438nam a2200145 a 4500 | ||
|---|---|---|---|
| 020 | _a2738404588 | ||
| 040 | _cDLC | ||
| 082 | _a609 HAR 1989 A042 Or. | ||
| 100 | 1 | _aPlantier, Joëlle. | |
| 245 | 1 | 0 |
_aTechnique et société au Japon : _bhistoire sociale de l'enseignement technique, 1945-1985 / |
| 260 |
_aParis : _bI.N.R.P. : _bL'Harmattan, _cc1989. |
||
| 300 |
_a188 p. : _bill. ; _c22 cm. |
||
| 650 | 0 | _aTechnical education | |
| 942 | _cEK | ||
| 999 |
_c12375 _d12375 |
||